000 01271cam a2200361 i 4500
001 28095
003 Mx-PuUPA
005 20251103144250.0
008 140415s2001 sp gr 001 0 spa d
017 _aB. 14.103 - 2001
020 _a8434465078
040 _cMx-PuUPA
_aMx-PuUPA
_bspa
_dMx-PuUPA
_erda
041 1 _aspa
_heng
043 _acl-----
100 1 _aLynch, John,
_d1927-
_98953
_eautor
240 1 4 _aThe Spanish American Revolution, 1808-1826.
_lEspañol
245 1 0 _aLas revoluciones hispanoamericanas :
_b1808-1826/
_cJohn Lynch ; Javier Alfaya y Barbara McShane, traducción
250 _a8a. edición /
_bmarzo
250 _aNueva edición ampliada y puesta al día
264 1 _aBarcelona, España :
_bEditorial Ariel,
_c2001
300 _a382 páginas ;
_b23 cm
336 _2rdacontent
_atexto
_btxt
337 _2rdamedia
_asin medio
_bn
338 _2rdacarrier
_avolumen
_bnc
490 0 _aAriel Historia
651 4 _aAmérica Latina
_xHistoria
_xGuerra de Independencia
_y1806-1830
700 1 _aAlfaya, Javier,
_etraductor
_92170
700 1 _aMcShane, Barbara,
_etraductor
942 _2ddc
_cLI
_h980.02
_iL8718
999 _c28095
_d28095